1433 1720 1288 1198 1553 1023 1588 1141 1233 1243 1054 1768 1770 1014 1513 1063 1091 1760 1659 1272 1374 1288 1261 1531 1448 1777 1800 1289 1902 1339 1464 1362 1185 1935 1079 1055 1503 1416 1774 1258 1721 1725 1578 1090 1318 1896 1833 1337 1379 1862 1479 1913 1260 1746 1275 1255 1037 1517 1995 1096 1036 1095 1249 1887 1705 1086 1666 1166 1327 1960 1915 1598 1195 1568 1722 1503 1656 1627 1031 1533 1261 1921 1617 1853 1998 1546 1027 1865 1259 1413 1097 1739 1514 1659 1879 1281 1810 1067 1288 BCNSPRNW ULIB Ver.6.0+V

เปลี่ยนเป็นภาษาไทย

Change to English
 แสดงรายละเอียดบรรณานุกรม
  กลับหน้าหลัก

Brief Record : Get Marc (ISO 2709) : E-mail record : QR code < ปิดหน้าต่าง
LEADER : 00000nam 2200000uu 4500
001    13399124732
003     ULIB
008    020711s2558 th a 000 0 tha d
060    WY200^bก111
110    สำนักงานสาธารณสุขจังหวัดนครสวรรค์^bกลุ่มงานพัฒนาคุณภาพและรูปแบบบริการ
245    การดูแลผู้ป่วยเป็นครอบครัว(Difficult case)ด้านเวชศาสตร์ครอบครัว สำหรับทีมสหสาขาวิชาชีพ/^cกลุ่มงานพัฒนาคุณภาพและรูปแบบบริการ สำนักงานสาธารณสุขจังหวัดนครสวรรค์
250    พิมพ์ครั้งที่ 1
260    นครสวรรค์ :^bสำนักงานสาธารณสุขจังหวัดนครสวรรค์,^c2558
300    270 หน้า;^b29 ซม.
650    การดูแลผู้ป่วยเป็นครอบครัว
945    ^p0^l0^i23264
รายการนี้ยังไม่มีแท็ก
คุณยังไม่ได้ล็อกอิน คุณสามารถมีกิจกรรมร่วมกับเว็บไซต์ได้ แต่ต้องล็อกอินก่อน ::
  ล็อกอิน

รายการสื่อสารสนเทศ

ลำดับที่ ประเภท เลขเรียก/บาร์โค้ด สถานที่ สถานะ
1. วิทยาศาสตร์การแพทย์ และสุขภาพ
วิทยาศาสตร์การแพทย์ และสุขภาพ
สถานะ=หนังสือเก่า
WY200 ก111 ฉ.1 
  Barcode: 23264
ห้องสมุดวิทยาเขตนครสวรรค์
►ส่วนจัดเก็บหนังสือเก่า นว.
บนชั้น
  ขอยืม

BibComment


ยังไม่เคยถูกคอมเมนท์

คอมเมนท์ทรัพยากรรายการนี้
  คอมเมนท์: การดูแลผู้ป่วยเป็..


 Copyright 2026. Bcnsprnw @Library